000
00212 a2200097 4500
001
14179
100
_a
Turner F
245
_a
Psychology for the classroom
260
_a
London
_b
Methuen
_c
090
_c
11123
_d
11123
942
_a
NUST-CAE
_c
M
_c
1252
999
_c
249252
_d
249252